UBT Library

PRINCIPLES OF PROTEIN STRUCTURE (Record no. 60199)

000 -LEADER
fixed length control field 00327nam a22001457a 4500
008 - FIXED-LENGTH DATA ELEMENTS--GENERAL INFORMATION
fixed length control field 230721b ||||| |||| 00| 0 eng d
020 ## - INTERNATIONAL STANDARD BOOK NUMBER
International Standard Book Number 9780387903348
041 ## - LANGUAGE CODE
Language code of text/sound track or separate title eng
080 ## - UNIVERSAL DECIMAL CLASSIFICATION NUMBER
Universal Decimal Classification number 575
082 ## - DEWEY DECIMAL CLASSIFICATION NUMBER
Classification number 575SCH
100 ## - Rafti
Rafti 13
101 ## - Shkurtesa
Shkurtesa BIOKI
245 ## - TITLE STATEMENT
Title PRINCIPLES OF PROTEIN STRUCTURE
Statement of responsibility, etc SCHULZ .E.G
942 ## - ADDED ENTRY ELEMENTS (KOHA)
Source of classification or shelving scheme
Item type Books
Holdings
Withdrawn status Lost status Source of classification or shelving scheme Damaged status Not for loan Collection code Permanent location Current location Date acquired Total Checkouts Full call number Barcode Date last seen Price effective from Koha item type
          Koleksioni i përgjithshem UBT - Lipjan UBT - Lipjan 07/21/2023   575SCH 002-800080912 07/21/2023 07/21/2023 Books
UBT Library © 2015-2024. All rights reserved University Education for Business and Technology